000 00767nam a2200301 a 4500
003 AR-BaBNM
005 20251128203111.0
008 082120s2002 ||||||||||||||000 | spa||
020 _a84-233-0988-6
040 _cAR-BaBNM
100 1 _aUmbral, Francisco
245 0 0 _aDiario de un escritor burgués
250 _a1ª ed.
260 _aBarcelona
_bEdiciones Destino
_c1979
300 _a291 p.
490 0 _aAncora y delfín
_vv. 534
650 4 _aSOCIOLOGIA CULTURAL
650 4 _aLITERATURA ESPAÑOLA
650 4 _aLITERATURA CONTEMPORANEA
650 4 _aNOVELAS
650 4 _aFILOSOFIA LITERARIA
650 4 _aCOMPOSICION LITERARIA
651 4 _aEspaña
653 _aCRITICA SOCIAL
655 _aLITERATURA
942 _cBK
998 _cMARTIN
999 _c1892
_d1892